[Event "POLFINAL MISTRZOSTW POLSKI JUNIOROW 2019 - C13"]
[Site "Ustron"]
[Date "1899-12-30"]
[Round "6.2"]
[White "Maslanka, Wojciech"]
[Black "Wieckowski, Michal"]
[Result "1-0"]
[WhiteTitle "I"]
[BlackTitle "II+"]
[WhiteElo "1614"]
[BlackElo "1532"]

1. e4 e5 2. Nf3 Nc6 3. Bc4 Bc5 4. c3 Nf6 5. d4 exd4 6. cxd4 Bb4+ 7. Bd2 Bxd2+ 8.
Nbxd2 d5 9. exd5 Nxd5 10. Qb3 Nce7 11. O-O O-O 12. Ne4 Nb6 13. Bd3 Be6 14. Qc2
Bd5 15. Rfe1 Ng6 16. Rac1 Nf4 17. Bf1 c6 18. g3 Ne6 19. Bg2 h6 20. b3 Qc7 21.
Qd3 Rad8 22. Rcd1 f5 23. Nc5 Nxc5 24. dxc5 Be4 25. cxb6 axb6 26. Qc4+ Bd5 27.
Qf4 Qxf4 28. gxf4 1-0

[Event "POLFINAL MISTRZOSTW POLSKI JUNIOROW 2019 - C13"]
[Site "Ustron"]
[Date "1899-12-30"]
[Round "6.3"]
[White "Czernecki, Andrzej"]
[Black "Kusiak, Mateusz"]
[Result "1/2-1/2"]
[WhiteTitle "II+"]
[BlackTitle "I"]
[WhiteElo "1569"]
[BlackElo "1597"]

1. e4 c5 2. Nf3 Nc6 3. d4 cxd4 4. Nxd4 g6 5. c4 Nf6 6. Nc3 Nxd4 7. Qxd4 d6 8. f3
Bg7 9. Be3 O-O 10. Qd2 Be6 11. Be2 Rc8 12. Nd5 Nd7 13. O-O Nc5 14. Rac1 Bxd5 15.
cxd5 Qd7 16. Bd4 Bxd4+ 17. Qxd4 Qa4 18. Qxa4 Nxa4 19. b3 Nc3 20. Bc4 Rxc4 21.
bxc4 Ne2+ 22. Kf2 Nxc1 23. Rxc1 Rc8 24. Ke3 b5 25. Kd4 Kf8 26. c5 dxc5+ 27. Rxc5
Rb8 28. Rc7 a5 29. Ra7 a4 30. Ra5 Rc8 31. Kd3 Rc5 1/2-1/2

[Event "POLFINAL MISTRZOSTW POLSKI JUNIOROW 2019 - C13"]
[Site "Ustron"]
[Date "1899-12-30"]
[Round "6.4"]
[White "Pisarek, Jan"]
[Black "Halhoul, Adam"]
[Result "1-0"]
[WhiteTitle "I"]
[BlackTitle "II+"]
[WhiteElo "1534"]
[BlackElo "1491"]

1. e4 c5 2. Nf3 Nc6 3. d4 cxd4 4. Nxd4 e5 5. Nb5 d6 6. c4 Be7 7. N1c3 a6 8. Na3
f5 9. Nc2 f4 10. g3 fxg3 11. hxg3 Nf6 12. f3 Be6 13. Be3 O-O 14. Qd2 Rb8 15. Nd5
b5 16. Qh2 Rf7 17. cxb5 axb5 18. Bg5 g6 19. Bxf6 Bxf6 20. Bh3 Bxd5 21. exd5 Qa5+
22. Kd1 Nd8 23. Qd2 Qxd2+ 24. Kxd2 Rbb7 25. Ne3 Bg5 26. Ke2 Rbc7 27. Rac1 Kg7
28. a3 Nb7 29. Rc6 Rxc6 30. dxc6 Bxe3 31. Kxe3 Nc5 32. b4 Na6 33. Rd1 Rf6 34.
a4 Nc7 35. axb5 Nxb5 36. Bf1 Nc7 37. b5 Kf8 38. b6 Rf7 39. b7 1-0

[Event "POLFINAL MISTRZOSTW POLSKI JUNIOROW 2019 - C13"]
[Site "Ustron"]
[Date "1899-12-30"]
[Round "6.5"]
[White "Wieczorek, Mikolaj"]
[Black "Dziewonski, Dariusz"]
[Result "1/2-1/2"]
[WhiteTitle "I"]
[BlackTitle "I+"]
[WhiteElo "1792"]
[BlackElo "1868"]

1. e4 c5 2. Nf3 Nc6 3. d4 cxd4 4. Nxd4 Qb6 5. Nb3 Nf6 6. Nc3 e6 7. Qe2 d6 8. g3
a6 9. Bg2 Be7 10. O-O O-O 11. Be3 Qc7 12. a4 Ne5 13. Nd2 Neg4 14. Bg5 h6 15. Bxf6
Nxf6 16. a5 Bd7 17. Nc4 Bc6 18. Nb6 Rad8 19. Rfe1 Nd7 20. Ncd5 Bxd5 21. exd5 e5
22. Nxd7 Qxd7 23. c4 Rc8 24. b4 Rc7 25. Rec1 Qf5 26. h4 Qg6 27. Qe3 Rfc8 28. Qb6
Bd8 29. c5 Re7 30. Qa7 dxc5 31. bxc5 b5 32. cxb6 Rxa7 33. Rxc8 Rd7 34. d6 Qxd6
35. b7 Rxb7 36. Bxb7 Kh7 37. Be4+ g6 38. Rcc1 Qb4 39. Bd3 Bxa5 40. Bxa6 Bb6 41.
Rab1 Qd4 42. Rf1 Kg7 43. Bb7 Qc5 44. Rbc1 Qb4 45. Rb1 1/2-1/2

[Event "POLFINAL MISTRZOSTW POLSKI JUNIOROW 2019 - C13"]
[Site "Ustron"]
[Date "1899-12-30"]
[Round "6.6"]
[White "Wolski, Michal"]
[Black "Nowak, Filip"]
[Result "0-1"]
[WhiteTitle "II"]
[BlackTitle "I"]
[WhiteElo "1584"]
[BlackElo "1629"]

1. d4 d5 2. c4 c6 3. Nf3 Nf6 4. Nbd2 e6 5. g3 Nbd7 6. Bg2 Bd6 7. O-O O-O 8. Qc2
e5 9. dxe5 Nxe5 10. b3 Re8 11. Bb2 Nxf3+ 12. Nxf3 Qe7 13. Rfe1 dxc4 14. Qxc4 Be6
15. Qc2 Bd5 16. Rad1 Bb4 17. Bc3 Qc5 18. Rc1 Be4 19. Qd2 Bxc3 20. Rxc3 Qa5 21.
Qb2 Rad8 22. b4 Qb6 23. Rcc1 a5 24. a3 Nd5 25. Rc4 axb4 26. axb4 Ra8 27. Ng5 Bxg2
28. Kxg2 h6 29. Nf3 Ra4 30. Rg4 g6 31. Qd2 h5 32. Rh4 Rxb4 33. Rxb4 Qxb4 34. Qh6
Nf6 35. e3 Qe4 36. Rd1 c5 37. Rd6 Ng4 38. Qg5 Ne5 39. Rf6 Nxf3 40. Rxf3 Re5 41.
Qd8+ Kh7 42. Qd7 Rf5 43. Qd1 g5 44. h3 g4 45. hxg4 hxg4 0-1

[Event "POLFINAL MISTRZOSTW POLSKI JUNIOROW 2019 - C13"]
[Site "Ustron"]
[Date "1899-12-30"]
[Round "6.7"]
[White "Bogusz, Alan"]
[Black "Zimny, Jakub"]
[Result "1-0"]
[WhiteTitle "I"]
[BlackTitle "II"]
[WhiteElo "1878"]
[BlackElo "1510"]

1. e4 c5 2. Nf3 d6 3. d4 cxd4 4. Nxd4 Nf6 5. Nc3 Nbd7 6. Be3 a6 7. Qd2 e6 8. f3
b5 9. O-O-O Bb7 10. Bd3 b4 11. Nce2 d5 12. exd5 Nxd5 13. Bg5 Be7 14. Bxe7 Qxe7
15. Nf4 N7b6 16. Nxd5 Nxd5 17. Nf5 Qf8 18. Rhe1 O-O-O 19. Ne3 Qc5 20. Nxd5 Rxd5
21. Re4 Rd4 22. Rxd4 Qxd4 23. Qg5 Rd8 24. Be2 h6 25. Rxd4 hxg5 26. Rxb4 Kc7 27.
Bd3 Rd5 28. Rxb7+ Kxb7 29. Be4 Kb6 30. Bxd5 exd5 31. Kd2 Kc5 32. Kd3 a5 33. a3
g6 34. b3 f6 35. c3 a4 36. bxa4 f5 37. a5 d4 38. cxd4+ Kb5 39. a6 Kxa6 1-0

[Event "POLFINAL MISTRZOSTW POLSKI JUNIOROW 2019 - C13"]
[Site "Ustron"]
[Date "1899-12-30"]
[Round "6.8"]
[White "Kotowicz, Kamil"]
[Black "Trzebinski, Patryk"]
[Result "0-1"]
[WhiteTitle "II"]
[BlackTitle "I"]
[WhiteElo "1512"]
[BlackElo "1607"]

1. d4 Nf6 2. c4 e5 3. dxe5 Ne4 4. Nc3 Bb4 5. Qd4 Nc5 6. Nf3 Nc6 7. Qd1 Bxc3+ 8.
bxc3 O-O 9. Qc2 h6 10. e4 Re8 11. Be3 b6 12. Bd3 Nxe5 13. Nxe5 Rxe5 14. O-O Bb7
15. f3 Nxd3 16. Qxd3 d6 17. Rfd1 Qe8 18. Bd4 Ra5 19. Rdb1 Ba6 20. Bf2 Rd8 21.
Re1 Qc6 22. Qd2 Qxc4 23. e5 Rd5 24. Qc2 dxe5 25. Rad1 Rxd1 26. Rxd1 Rxd1+ 27.
Qxd1 Qxc3 28. h3 Qd3 29. Qxd3 Bxd3 30. Be1 Kf8 31. Kf2 Ke7 32. g3 Kd6 33. Ke3
Bb1 34. a3 Kd5 35. Bc3 f6 36. f4 e4 37. g4 Kc4 38. Bd2 Kb3 39. g5 fxg5 40. fxg5
hxg5 41. Kd4 c5+ 42. Ke5 c4 43. Bxg5 c3 44. Kd4 Kb2 45. Bc1+ Kxc1 46. Kxc3 e3
0-1

[Event "POLFINAL MISTRZOSTW POLSKI JUNIOROW 2019 - C13"]
[Site "Ustron"]
[Date "1899-12-30"]
[Round "6.9"]
[White "Goszyk, Bartosz"]
[Black "Rzenca, Jerzy"]
[Result "0-1"]
[WhiteTitle "II+"]
[BlackTitle "II+"]
[WhiteElo "1605"]
[BlackElo "1483"]

1. e4 c6 2. d4 d5 3. exd5 cxd5 4. c4 Nf6 5. Nc3 e6 6. Bg5 Be7 7. c5 O-O 8. Nf3
b6 9. b4 Ne4 10. Bxe7 Qxe7 11. Qc2 Bb7 12. Bd3 f5 13. O-O Qf6 14. Ne5 bxc5 15.
Bxe4 cxd4 16. Bxd5 exd5 17. Nb5 Qxe5 18. Rfe1 Qf6 19. Nc7 Rc8 20. Rac1 Na6 21.
Nxa8 Rxc2 22. Rxc2 Bxa8 23. Rc8+ Kf7 24. Rxa8 Qb6 25. b5 Nb8 26. Re5 Qb7 27. Rxf5+
Kg6 28. Rxb8 Qxb8 29. Rxd5 Qe8 30. h3 Qe1+ 31. Kh2 Qxf2 0-1

[Event "POLFINAL MISTRZOSTW POLSKI JUNIOROW 2019 - C13"]
[Site "Ustron"]
[Date "1899-12-30"]
[Round "6.10"]
[White "Kubik, Rafal"]
[Black "Tarawski, Adrian"]
[Result "1/2-1/2"]
[WhiteTitle "II+"]
[BlackTitle "II+"]
[WhiteElo "1552"]
[BlackElo "1431"]

1. e4 c5 2. c3 d5 3. exd5 Qxd5 4. d4 Nf6 5. Nf3 e6 6. Be2 Nc6 7. O-O cxd4 8. cxd4
Be7 9. Nc3 Qd8 10. h3 O-O 11. Be3 b6 12. Ne5 Bb7 13. Bf3 Rc8 14. Rc1 Ba8 15. Nxc6
Bxc6 16. Bxc6 Rxc6 17. Qa4 Qd7 18. d5 exd5 19. Nxd5 Rd6 20. Qxd7 Rxd7 21. Nxe7+
Rxe7 22. Rfe1 Rfe8 23. Kf1 Nd5 24. Bd2 Rxe1+ 25. Rxe1 Rxe1+ 26. Kxe1 f6 27. Ke2
Kf7 28. Kd3 Ke6 29. Kc4 a6 30. a3 Kd6 31. Kd4 f5 32. g3 h5 33. f3 Ke6 34. b3 Ne7
35. a4 Nc6+ 36. Ke3 g5 37. h4 1/2-1/2

[Event "POLFINAL MISTRZOSTW POLSKI JUNIOROW 2019 - C13"]
[Site "Ustron"]
[Date "1899-12-30"]
[Round "6.11"]
[White "Karut, Kacper"]
[Black "Kozera, Dawid"]
[Result "1-0"]
[WhiteTitle "II+"]
[BlackTitle "II"]
[WhiteElo "1536"]
[BlackElo "1423"]

1. e4 c5 2. Nf3 e6 3. d4 cxd4 4. Nxd4 Nf6 5. Nc3 d6 6. Be2 Be7 7. Be3 O-O 8. g4
h6 9. Qd2 d5 10. exd5 Nxd5 11. Nxd5 exd5 12. O-O-O Nc6 13. Rdg1 Nxd4 14. Bxd4
Be6 15. f4 Bh4 16. g5 hxg5 17. fxg5 f6 18. Bxf6 Rxf6 19. gxf6 Bxf6 20. Qf4 Rc8
21. Bd3 Rc6 22. h4 Rb6 23. b3 Qf8 24. Kd1 Qc8 25. h5 Qc3 26. h6 Qa1+ 27. Ke2 Qe5+
28. Qxe5 Bxe5 29. hxg7 Bxg7 30. Rh7 1-0

[Event "POLFINAL MISTRZOSTW POLSKI JUNIOROW 2019 - C13"]
[Site "Ustron"]
[Date "1899-12-30"]
[Round "6.12"]
[White "Rylski, Tadeusz"]
[Black "Lakowski, Filip"]
[Result "0-1"]
[WhiteTitle "II+"]
[BlackTitle "II"]
[WhiteElo "1680"]
[BlackElo "1310"]

1. d4 g6 2. c4 Bg7 3. Nc3 d6 4. e4 Nf6 5. Nf3 O-O 6. Be2 Nc6 7. O-O e5 8. dxe5
dxe5 9. Bg5 Be6 10. Qxd8 Raxd8 11. Nd5 Bxd5 12. cxd5 Nd4 13. Nxd4 exd4 14. Rfd1
Rde8 15. f3 Nxd5 16. Bb5 Re5 17. exd5 Rxg5 18. Bc4 Re8 19. Kf2 c5 20. dxc6 bxc6
21. Re1 Rge5 22. Rxe5 Bxe5 23. Re1 Kf8 24. g3 g5 25. Bd3 h6 26. b3 f6 27. Rc1
Rc8 28. Bf5 Rc7 29. Ke2 Ke7 30. Bd3 h5 31. Bg6 h4 32. gxh4 gxh4 33. h3 Kd6 34.
Kd3 Rg7 35. Rg1 f5 36. Ke2 d3+ 37. Kxd3 Ke7 38. Re1 Kf6 39. Be8 Rg3 40. Bxc6 Rxh3
41. b4 Rh2 42. a4 h3 43. Ke3 Bc3 44. Re2 f4+ 45. Kxf4 Rxe2 46. Kg3 h2 47. f4 Bxb4
48. Bg2 Bd6 49. Kxh2 Bxf4+ 50. Kg1 Ra2 51. Bc6 Bg3 52. Kf1 Ke5 53. Kg1 Kd6 54.
Bb5 Kc5 55. Kf1 a5 56. Be8 Kb4 57. Bb5 Rxa4 58. Bxa4 Kxa4 59. Ke2 Kb3 60. Kd2
Bf4+ 61. Kd3 a4 0-1

[Event "POLFINAL MISTRZOSTW POLSKI JUNIOROW 2019 - C13"]
[Site "Ustron"]
[Date "1899-12-30"]
[Round "6.13"]
[White "Pieczulis, Hubert"]
[Black "Madajczak, Piotr"]
[Result "1/2-1/2"]
[WhiteTitle "II"]
[BlackTitle "I"]
[WhiteElo "1346"]
[BlackElo "1676"]

1. Nf3 d6 2. d4 f5 3. c4 Nf6 4. Nc3 g6 5. Bg5 Nbd7 6. e3 Bg7 7. Be2 O-O 8. O-O
h6 9. Bxf6 Nxf6 10. Qc2 c6 11. b4 Qe8 12. c5 d5 13. Ne5 Ne4 14. f4 Nxc3 15. Qxc3
g5 16. Rab1 Bxe5 17. fxe5 Qg6 18. b5 Bd7 19. bxc6 Bxc6 20. Bb5 Rac8 21. Bxc6 Qxc6
22. Qa3 Ra8 23. Qb3 Rab8 24. Qa3 Ra8 25. Qb3 Rab8 26. Qa3 Ra8 27. Qb3 Rab8 28.
Qa3 1/2-1/2

[Event "POLFINAL MISTRZOSTW POLSKI JUNIOROW 2019 - C13"]
[Site "Ustron"]
[Date "1899-12-30"]
[Round "6.14"]
[White "Taranowicz, Michal"]
[Black "Katny, Samuel"]
[Result "1-0"]
[WhiteTitle "I"]
[BlackTitle "II"]
[WhiteElo "1560"]
[BlackElo "1335"]

1. e4 e5 2. Nc3 Nf6 3. f4 exf4 4. Nf3 Bb4 5. e5 Ng8 6. d4 Ne7 7. Bxf4 O-O 8. Bd3
Nd5 9. Bxh7+ Kxh7 10. Ng5+ Kg6 11. Qd3+ f5 12. exf6+ Kxf6 13. O-O Nxf4 14. Nh7+
Kf7 15. Rxf4+ Kg8 16. Nxf8 Bxf8 17. Raf1 Be7 18. Qg6 Bg5 19. Re4 Be7 20. Rf7 Bf6
21. Nd5 Kh8 22. Nxf6 Qxf6 23. Re8# 1-0

[Event "POLFINAL MISTRZOSTW POLSKI JUNIOROW 2019 - C13"]
[Site "Ustron"]
[Date "1899-12-30"]
[Round "6.15"]
[White "Grzybek, Mikolaj"]
[Black "Jendrowiak, Maciej"]
[Result "1/2-1/2"]
[WhiteTitle "II"]
[BlackTitle "II"]
[WhiteElo "1382"]
[BlackElo "1472"]

1. e4 c6 2. d4 d5 3. exd5 cxd5 4. c4 Nf6 5. Nc3 Nc6 6. Be3 g6 7. h3 Bg7 8. Nf3
O-O 9. Bd3 Bf5 10. Bxf5 gxf5 11. c5 e6 12. Nd2 Ne4 13. Nb3 Qb8 14. g3 Qd8 15.
g4 Qf6 16. Qf3 f4 17. g5 Nxg5 18. Qxf4 Nf3+ 19. Ke2 Qxf4 20. Bxf4 Nfxd4+ 21. Nxd4
Nxd4+ 22. Kd3 e5 23. Be3 e4+ 24. Kd2 Nf3+ 25. Ke2 Rad8 26. Rad1 Bxc3 27. bxc3
f5 28. Bf4 d4 29. cxd4 Rxd4 30. Rxd4 Nxd4+ 31. Ke3 Ne6 32. Bd6 Rc8 33. Rb1 b6
34. cxb6 axb6 35. Rxb6 Rc3+ 36. Kd2 Rd3+ 37. Ke1 Nd4 38. a4 1/2-1/2

[Event "POLFINAL MISTRZOSTW POLSKI JUNIOROW 2019 - C13"]
[Site "Ustron"]
[Date "1899-12-30"]
[Round "6.16"]
[White "Pojawa, Jakub"]
[Black "Stefaniuk, Zbigniew"]
[Result "0-1"]
[WhiteTitle "II"]
[BlackTitle "II"]
[WhiteElo "1231"]
[BlackElo "1446"]

1. f4 d5 2. Nf3 g6 3. d3 Bg7 4. Nc3 c5 5. e3 Nc6 6. Be2 Nf6 7. h3 O-O 8. g4 Ne8
9. g5 e5 10. h4 exf4 11. exf4 Nd4 12. Nxd4 cxd4 13. Nb1 Nd6 14. Nd2 Nf5 15. Nf3
Re8 16. Bd2 Ng3 17. Rh2 Bg4 18. Ng1 Qd7 19. Rg2 Nxe2 20. Nxe2 Bf3 21. Rg3 Bxe2
22. Qxe2 Rxe2+ 23. Kxe2 Re8+ 24. Kf2 Qf5 25. Rh1 Bf8 26. h5 Bd6 27. hxg6 fxg6
28. Rgh3 Bxf4 29. Rf3 Be3+ 30. Bxe3 dxe3+ 31. Ke2 Qg4 32. Rh2 Rf8 33. Rhh3 Qg2+
34. Kxe3 d4+ 35. Ke4 Qe2+ 36. Kxd4 Rxf3 37. Rxf3 Qxf3 38. c4 Kf7 39. b4 Qf2+ 40.
Kd5 Qxa2 41. d4 Ke7 42. Kc5 Qa6 43. b5 Qd6# 0-1

[Event "POLFINAL MISTRZOSTW POLSKI JUNIOROW 2019 - C13"]
[Site "Ustron"]
[Date "1899-12-30"]
[Round "6.17"]
[White "Dembicki, Karol"]
[Black "Fojcik, Kacper"]
[Result "1/2-1/2"]
[WhiteTitle "II"]
[BlackTitle "II"]
[WhiteElo "1388"]
[BlackElo "1286"]

1. e4 c6 2. d4 d5 3. exd5 cxd5 4. Bd3 Nc6 5. c3 Qc7 6. Nf3 Bg4 7. O-O e6 8. Bg5
Be7 9. Bxe7 Ngxe7 10. Nbd2 O-O 11. Bxh7+ Kh8 12. Bd3 g6 13. h3 Bf5 14. Bxf5 Nxf5
15. Nh2 Kg7 16. Ng4 Rh8 17. Nf3 Rh5 18. Nge5 Nxe5 19. Nxe5 Rh7 20. Qf3 Rah8 21.
Rad1 Nd6 22. Rd3 Nc4 23. Qf4 Nxe5 24. dxe5 Qe7 25. Rfd1 Rh4 26. Qe3 b6 27. Rd4
Rxd4 28. Rxd4 Rh4 29. Rxh4 Qxh4 30. Qd4 Qg5 1/2-1/2

[Event "POLFINAL MISTRZOSTW POLSKI JUNIOROW 2019 - C13"]
[Site "Ustron"]
[Date "1899-12-30"]
[Round "6.18"]
[White "Marek, Grzegorz"]
[Black "Pancewicz, Szymon"]
[Result "1/2-1/2"]
[WhiteTitle "II"]
[BlackTitle "I+"]
[WhiteElo "1302"]
[BlackElo "1764"]

1. e4 c5 2. Nf3 Nc6 3. d4 cxd4 4. Nxd4 Nf6 5. Nc3 e5 6. Ndb5 d6 7. Bg5 a6 8. Na3
b5 9. Nd5 Be7 10. Nxe7 Qxe7 11. c4 b4 12. Nc2 h6 13. Bh4 O-O 14. Bd3 Qe6 15. O-O
Nd7 16. f3 Nc5 17. Bf2 Qg6 18. Kh1 Ne6 19. Qd2 a5 20. b3 Ng5 21. Ne3 Kh8 22. Nf5
Qe6 23. Be3 Qf6 24. Rac1 Bxf5 25. exf5 Rac8 26. f4 Nh7 27. Be4 Rfd8 28. Rcd1 exf4
29. Bxf4 Ne5 30. Bxe5 dxe5 31. Qe3 Qe7 32. Qb6 Nf6 33. Bd5 Nxd5 34. Rxd5 Rxd5
35. cxd5 Qd7 36. Qxa5 Qxf5 37. Qb5 Qe4 38. d6 Rc2 39. Rg1 Rxg2 40. Rxg2 1/2-1/2

[Event "POLFINAL MISTRZOSTW POLSKI JUNIOROW 2019 - C13"]
[Site "Ustron"]
[Date "1899-12-30"]
[Round "6.19"]
[White "Sputowski, Jakub"]
[Black "Szymczyk, Antoni"]
[Result "1-0"]
[WhiteTitle "I"]
[BlackTitle "II"]
[WhiteElo "1655"]
[BlackElo "1305"]

1. e4 d6 2. d4 g6 3. Nc3 Bg7 4. Nf3 Nf6 5. Be3 O-O 6. Qd2 Nbd7 7. O-O-O e5 8. dxe5
dxe5 9. Bh6 Qe7 10. Bxg7 Kxg7 11. h3 c6 12. Nh2 b5 13. f3 a5 14. g4 Nc5 15. h4
h5 16. gxh5 Nxh5 17. Qf2 b4 18. Ne2 a4 19. Ng3 Rh8 20. Bc4 Ba6 21. Bxa6 Rxa6 22.
Nxh5+ Rxh5 23. Ng4 b3 24. cxb3 axb3 25. a3 Ra4 26. Kb1 Rc4 27. Ne3 Rd4 28. Rxd4
exd4 29. Ng2 Ne6 30. f4 c5 31. Rf1 Nc7 32. Qf3 c4 33. f5 f6 34. Qg4 Rh6 35. Re1
c3 36. Nf4 g5 37. hxg5 fxg5 38. Nh5+ Kh7 39. f6 Qf7 40. Qf5+ Kg8 41. Qxg5+ Rg6
42. Qe5 Rg2 43. bxc3 Nb5 44. Qb8+ Kh7 45. Qxb5 dxc3 46. Qf5+ Qg6 47. Qxg6+ Kxg6
48. Nf4+ Kxf6 49. Nxg2 1-0

[Event "POLFINAL MISTRZOSTW POLSKI JUNIOROW 2019 - C13"]
[Site "Ustron"]
[Date "1899-12-30"]
[Round "6.20"]
[White "Guzik, Michal"]
[Black "Latacz, Grzegorz"]
[Result "0-1"]
[WhiteTitle "II"]
[BlackTitle "II"]
[WhiteElo "1104"]
[BlackElo "1367"]

1. d4 Nf6 2. e3 g6 3. Bd3 Bg7 4. f4 c5 5. c3 d6 6. Nf3 O-O 7. O-O a6 8. Nbd2 Nc6
9. e4 cxd4 10. cxd4 Nh5 11. Nb3 Qb6 12. Be3 e5 13. fxe5 dxe5 14. Bc4 Bg4 15. Qd3
exd4 16. Nfxd4 Nxd4 17. Nxd4 Qd6 18. Nf3 Qxd3 19. Bxd3 Rad8 20. Bc4 b5 21. Bb3
Bxb2 22. Rab1 Bxf3 23. Rxf3 Bd4 24. Bxd4 Rxd4 25. Bd5 Kg7 26. Bb7 Ra4 27. Rb2
Nf6 28. Re2 Rd8 29. h3 Rb8 30. e5 Rxb7 31. exf6+ Kf8 32. Rd3 Rb8 33. Re7 Rf4 34.
Rd6 Rxf6 35. Rxf6 Kxe7 36. Rxa6 Rb7 37. Ra3 Kf6 38. Rb3 Ke5 39. Kf2 Kd4 40. a4
Kc4 41. Rxb5 Rxb5 42. axb5 Kxb5 43. Kf3 Kc6 44. Kf4 Kd7 45. Kg5 h5 0-1

[Event "POLFINAL MISTRZOSTW POLSKI JUNIOROW 2019 - C13"]
[Site "Ustron"]
[Date "1899-12-30"]
[Round "6.21"]
[White "Miler, Franciszek"]
[Black "Rzepka, Marcin"]
[Result "1-0"]
[WhiteTitle "II"]
[BlackTitle "II"]
[WhiteElo "1355"]
[BlackElo "1323"]

1. e4 c5 2. Nf3 e6 3. d4 cxd4 4. Nxd4 Nc6 5. Nb5 d6 6. Bf4 e5 7. Be3 a6 8. N5c3
Nf6 9. Be2 Be7 10. O-O Be6 11. Nd2 O-O 12. f4 exf4 13. Bxf4 Qb6+ 14. Kh1 Qxb2
15. Na4 Qa3 16. c3 Bxa2 17. Qc2 b5 18. Rxa2 Qxa2 19. Qxa2 bxa4 20. Qxa4 Ne5 21.
Bxe5 dxe5 22. Nf3 Rfc8 23. Nxe5 Rxc3 24. Qa2 Rf8 25. Bxa6 Ra3 26. Qc4 Re3 27.
Bb7 Bd6 28. Qd4 Rb3 29. Bd5 Bxe5 30. Qxe5 Rbb8 31. Qg5 Rbc8 32. Rxf6 1-0

[Event "POLFINAL MISTRZOSTW POLSKI JUNIOROW 2019 - C13"]
[Site "Ustron"]
[Date "1899-12-30"]
[Round "6.23"]
[White "Klisowski, Bartosz"]
[Black "Dutka, Jan"]
[Result "1-0"]
[WhiteTitle "II"]
[BlackTitle "III"]
[WhiteElo "1434"]
[BlackElo "1033"]

1. Nf3 d5 2. g3 Nc6 3. d4 Nf6 4. Bg2 Bf5 5. c4 e6 6. a3 Be7 7. Nc3 a6 8. cxd5 exd5
9. O-O O-O 10. Bd2 Re8 11. Rc1 h6 12. b4 b5 13. Bf4 Bd6 14. Ne5 Nxe5 15. dxe5
Bxe5 16. Nxd5 Nxd5 17. Bxd5 Bxf4 18. gxf4 Rc8 19. Bb7 Qxd1 20. Rfxd1 Rb8 21. Bf3
Re7 22. Rc6 Ra8 23. Ra1 a5 24. Rc5 Be4 25. Rxb5 axb4 26. Rxb4 Bxf3 27. exf3 f5
28. a4 c5 29. Rb5 Rea7 30. a5 Kf7 31. Rxc5 Ke6 32. Rb5 Kd6 33. Rxf5 1-0

[Event "POLFINAL MISTRZOSTW POLSKI JUNIOROW 2019 - C13"]
[Site "Ustron"]
[Date "1899-12-30"]
[Round "6.24"]
[White "Sidlo, Szymon"]
[Black "Kultucki, Kamil"]
[Result "1/2-1/2"]
[WhiteTitle "II"]
[BlackTitle "II"]
[WhiteElo "1244"]
[BlackElo "1345"]

1. e4 c5 2. Nf3 Nc6 3. d4 cxd4 4. Nxd4 e5 5. Nb5 d6 6. Bc4 a6 7. N5c3 Be7 8. Be3
Nf6 9. O-O O-O 10. h3 Be6 11. Qe2 b5 12. Bxe6 fxe6 13. a3 d5 14. exd5 exd5 15.
Bg5 d4 16. Ne4 Nxe4 17. Qxe4 Bxg5 18. Qxc6 Kh8 19. Qe4 Qf6 20. Qd3 Rac8 21. Nd2
Bxd2 22. Qxd2 Qf5 23. Rac1 Rfd8 24. Rfe1 e4 25. Rcd1 Qg6 26. Qf4 d3 27. cxd3 exd3
28. Rc1 Rxc1 29. Rxc1 h6 30. Rd1 Qc6 31. Qd2 Qc4 32. Rc1 Qd4 33. Rd1 Re8 34. Qc3
Qxc3 35. bxc3 Re2 36. Rxd3 1/2-1/2

[Event "POLFINAL MISTRZOSTW POLSKI JUNIOROW 2019 - C13"]
[Site "Ustron"]
[Date "1899-12-30"]
[Round "6.25"]
[White "Gibas, Aleksander"]
[Black "Polinowski, Konrad"]
[Result "0-1"]
[WhiteTitle "III"]
[BlackTitle "III"]
[WhiteElo "1010"]
[BlackElo "1110"]

1. e4 e5 2. Nf3 Nc6 3. Nc3 Nf6 4. Bc4 Nxe4 5. Nxe4 d5 6. Bxd5 Qxd5 7. Nc3 Qd8 8.
d3 Bg4 9. Be3 Qf6 10. Ne4 Qe6 11. Nfg5 Qd7 12. f3 Be6 13. Nxe6 Qxe6 14. O-O O-O-O
15. f4 exf4 16. Rxf4 h6 17. Qg4 Qxg4 18. Rxg4 f5 19. Rf4 fxe4 20. Rxe4 Bd6 21.
a3 Rde8 22. Rxe8+ Rxe8 23. Bd2 g5 24. h3 Be5 25. c3 Bf4 26. Bxf4 gxf4 27. Rf1
Ne5 28. d4 Nd3 29. b3 b5 30. Rd1 Re3 31. Kf1 Kd7 32. Rd2 Re1# 33. Kxe1 0-1

[Event "POLFINAL MISTRZOSTW POLSKI JUNIOROW 2019 - C13"]
[Site "Ustron"]
[Date "1899-12-30"]
[Round "7.1"]
[White "Wojdak, Jan"]
[Black "Pisarek, Jan"]
[Result "1/2-1/2"]
[WhiteTitle "I++"]
[BlackTitle "I"]
[WhiteElo "2062"]
[BlackElo "1534"]

1. e4 c5 2. Nc3 e6 3. Nf3 Nc6 4. d4 cxd4 5. Nxd4 Nf6 6. Ndb5 Bb4 7. a3 Bxc3+ 8.
Nxc3 d5 9. exd5 Nxd5 10. Nxd5 exd5 11. Bd3 Qe7+ 12. Qe2 Qxe2+ 13. Kxe2 Ne5 14.
Be3 Nxd3 15. Kxd3 Bf5+ 16. Kd2 Rc8 17. c3 a6 18. Rad1 Kd7 19. Kc1 Kc6 20. Rd4
h5 21. Rhd1 Be6 22. b3 b5 23. Kb2 Ra8 24. Bf4 Rhe8 25. R1d2 g6 26. c4 bxc4 27.
bxc4 Red8 28. cxd5+ Rxd5 29. Rc2+ Kd7 30. Rb4 Rb5 31. Rc7+ Ke8 32. Rxb5 axb5 33.
Bd6 Rc8 34. Re7+ Kd8 35. Rb7 Bd7 36. Rb8 1/2-1/2

[Event "POLFINAL MISTRZOSTW POLSKI JUNIOROW 2019 - C13"]
[Site "Ustron"]
[Date "1899-12-30"]
[Round "7.2"]
[White "Kusiak, Mateusz"]
[Black "Maslanka, Wojciech"]
[Result "1/2-1/2"]
[WhiteTitle "I"]
[BlackTitle "I"]
[WhiteElo "1597"]
[BlackElo "1614"]

1. e4 c6 2. d4 d5 3. Nc3 dxe4 4. Nxe4 Bf5 5. Ng3 Bg6 6. h4 h6 7. Nh3 e6 8. Nf4
Bh7 9. Bc4 Nf6 10. Ngh5 Nbd7 11. c3 Nxh5 12. Nxh5 Nb6 13. Bb3 Nd5 14. g3 Bg6 15.
Nf4 Nxf4 16. Bxf4 Be4 17. f3 Bg6 18. Be5 Qd7 19. Kf2 O-O-O 20. Kg2 Rg8 21. Qe2
Bd6 22. Rad1 Qc7 23. h5 Bh7 24. Kf2 Rd7 25. f4 Bxe5 26. Qxe5 Qxe5 27. fxe5 Re7
28. Rde1 Bf5 29. Kf3 b5 30. g4 Bh7 31. Rhf1 Kc7 32. Kg3 a5 33. a3 Rd8 34. Rf4
Kb6 35. Ref1 Rdd7 36. Rd1 Rd8 37. Rdf1 Rdd7 1/2-1/2

[Event "POLFINAL MISTRZOSTW POLSKI JUNIOROW 2019 - C13"]
[Site "Ustron"]
[Date "1899-12-30"]
[Round "7.3"]
[White "Dziewonski, Dariusz"]
[Black "Czernecki, Andrzej"]
[Result "1-0"]
[WhiteTitle "I+"]
[BlackTitle "II+"]
[WhiteElo "1868"]
[BlackElo "1569"]

1. e4 c5 2. Nf3 d6 3. d4 cxd4 4. Nxd4 Nf6 5. Nc3 Nc6 6. Bc4 Qb6 7. Ndb5 a6 8. Be3
Qa5 9. Nd4 Ne5 10. Nb3 Qc7 11. Bd3 Neg4 12. Bf4 g6 13. h3 Ne5 14. Bg5 Ned7 15.
O-O Bg7 16. a4 b6 17. Qe2 Bb7 18. Nd5 Qd8 19. c4 O-O 20. a5 h6 21. Be3 Nxd5 22.
exd5 Nc5 23. Nxc5 bxc5 24. Qd2 Kh7 25. Rab1 e5 26. b4 f5 27. bxc5 Bxd5 28. cxd5
f4 29. Qc2 fxe3 30. Bxg6+ Kh8 31. fxe3 Qxa5 32. cxd6 Qxd5 33. Be4 Qxd6 34. Bxa8
Rxa8 35. Rb7 Rg8 36. Rff7 Qa3 37. Qg6 Qxe3+ 38. Kh2 Qg5 39. Qxg5 hxg5 40. Rfe7
a5 41. Ra7 a4 42. Rxa4 Rf8 43. Raa7 Bf6 44. Rf7 Rxf7 45. Rxf7 Bg7 46. Rf5 Kh7
47. Rxg5 Bh6 48. Rh5 Kg6 49. Rxh6+ Kxh6 50. Kg3 Kg5 51. Kf3 Kf5 52. g4+ Ke4+ 53.
Kxe4 1-0

[Event "POLFINAL MISTRZOSTW POLSKI JUNIOROW 2019 - C13"]
[Site "Ustron"]
[Date "1899-12-30"]
[Round "7.4"]
[White "Wieckowski, Michal"]
[Black "Bogusz, Alan"]
[Result "1-0"]
[WhiteTitle "II+"]
[BlackTitle "I"]
[WhiteElo "1532"]
[BlackElo "1878"]

1. e4 c5 2. b3 Nc6 3. Bb2 e5 4. Nf3 d6 5. h3 Nf6 6. Nc3 Be7 7. Bc4 O-O 8. O-O a6
9. a4 Rb8 10. Qe2 Bd7 11. Rfd1 Qc7 12. Nd5 Nxd5 13. exd5 Na5 14. Bc3 Nxc4 15.
bxc4 b5 16. axb5 axb5 17. Ba5 Qc8 18. cxb5 Rxb5 19. c4 Rb3 20. d3 Bf5 21. Qc2
Qb8 22. Rab1 Bxd3 23. Qxb3 Qxb3 24. Rxb3 Bc2 25. Rdb1 1-0

[Event "POLFINAL MISTRZOSTW POLSKI JUNIOROW 2019 - C13"]
[Site "Ustron"]
[Date "1899-12-30"]
[Round "7.5"]
[White "Halhoul, Adam"]
[Black "Wieczorek, Mikolaj"]
[Result "1-0"]
[WhiteTitle "II+"]
[BlackTitle "I"]
[WhiteElo "1491"]
[BlackElo "1792"]

1. Nf3 Nf6 2. g3 g6 3. Bg2 Bg7 4. O-O O-O 5. c4 c5 6. Nc3 Nc6 7. d4 d6 8. d5 Na5
9. Qd3 a6 10. Nd2 e6 11. a4 exd5 12. cxd5 Bd7 13. b3 b5 14. axb5 axb5 15. Bb2
Qb6 16. Qc2 Rfe8 17. Nce4 Nxe4 18. Nxe4 Bf5 19. Bxg7 Bxe4 20. Qb2 f5 21. Bh6 Qc7
22. Bxe4 fxe4 23. f3 e3 24. Ra2 Nb7 25. Rxa8 Rxa8 26. Ra1 Rxa1+ 27. Qxa1 c4 28.
Qa8+ Nd8 29. Bg5 Kf7 30. Bxd8 Qd7 31. Bb6 cxb3 32. Qh8 h5 33. Qh7+ Ke8 34. Qxg6+
Qf7 35. Qxf7+ Kxf7 36. Bd4 Kg6 37. Kf1 h4 38. Ke1 hxg3 39. hxg3 b2 40. Bxb2 Kf5
41. Bd4 b4 42. Kd1 b3 43. Kc1 1-0